000 00331nam a2200121Ia 4500
008 230524s9999 xx 000 0 und d
100 _a"Josef Pieprzyk, Thomas Hardjono, Jennifer Seberry"
245 0 _aFundamentals of Computer Security
260 _bSpringer
500 _aQuantity Number: 10
650 _aComp-Sc
942 _cBK
999 _c50335
_d50335